| 000 | 00771nam a2200229Ia 4500 | ||
|---|---|---|---|
| 003 | GCL | ||
| 008 | 140319s9999 xx 000 0 ara d | ||
| 040 |
_aGCL / _cGCL |
||
| 082 | 0 | 4 |
_aق _b962.054 _bك ح |
| 100 | 1 | _aكمال الدين رفعت | |
| 245 | 1 | 0 |
_aحرب التحرير بين الغاء معاهدة 1936 والغاء اتفاقية 1954 / _cكمال الدين رفعت |
| 700 | 1 | _aمصطفى طيبة | |
| 260 |
_a[S.N] : _bدار الكاتب العربى للطباعة والنشر |
||
| 300 | _a380 ص | ||
| 490 |
_aمذكرات كمال الدين رفعت _v0 |
||
| 650 | 0 | 4 | _aالعصر الحديث |
| 650 | 0 | 4 | _aمصر |
| 650 | 0 | 4 | _aتاريخ |
| 650 | 0 | 4 | _aثورة 23 يوليو 1952 |
| 650 | 0 | 4 | _aمعاهدة 1936 |
| 942 |
_2ddc _cBK |
||
| 999 |
_c28225 _d28225 |
||